000 01073nam a22002297a 4500
999 _c1881
_d1881
003 AR-CdUCM
008 190228b ||||| |||| 00| 0 spa d
040 _aMUNICIPALIDAD PROVINCIAL DEL CUSCO
_cBIBLIOTECA MUNICIPAL DEL CUSCO
082 _a985.61 / AZ97
_bAZ97
100 _aAzevedo, Paulo Ormindo David de
_96889
245 _aCusco:
_bcontinuidad y cambio /
260 _aCusco :
_bMunicipalidad Provincial del Cusco,
_c2009.
300 _a233 páginas ;
_bilustraciones, mapas, gráficos.
_c23 cm.
505 _aContenido: Funciones socieconómicas a través del tiempo -- La capital incaica -- La ciudad colonial -- El Cusco republicano -- La ciudad actual -- Deterioro y renovación -- Perspectivas de desarrollo y preservación --La idealización del Cusco -- Continuidad y cambio ...
650 _aCusco centro histórico
_96890
650 _aMonumentos históricos
_96891
650 _aHistoria del Cusco
_91714
650 _aHistoria urbana
_913611
710 _aMunicipalidad Provincial del Cusco
_946759
942 _2ddc
_cLIBROS
945 _alccs
_d2019-02-28